<?xml version="1.0" encoding="UTF-8"?>
<marc:record xmlns:marc="http://www.loc.gov/MARC21/slim">
   <marc:leader>00000nam a2200000 a 4500</marc:leader>
   <marc:datafield ind1="1" ind2=" " tag="100">
      <marc:subfield code="a">Tolkien, J. R. R.</marc:subfield>
      <marc:subfield code="4">aut</marc:subfield>
      <marc:subfield code="e">Verfasser/-in</marc:subfield>
   </marc:datafield>
   <marc:datafield ind1=" " ind2=" " tag="653">
      <marc:subfield code="a">Herr der Ringe</marc:subfield>
   </marc:datafield>
   <marc:datafield ind1=" " ind2=" " tag="653">
      <marc:subfield code="a">Hobbit</marc:subfield>
   </marc:datafield>
   <marc:datafield ind1="0" ind2="0" tag="245">
      <marc:subfield code="a">Das Silmarillion</marc:subfield>
   </marc:datafield>
   <marc:datafield ind1=" " ind2="1" tag="264">
      <marc:subfield code="b">Klett-Cotta</marc:subfield>
      <marc:subfield code="c">2011</marc:subfield>
   </marc:datafield>
   <marc:datafield ind1="1" ind2=" " tag="520">
      <marc:subfield code="a">Mittelerde lag im Dämmerlicht unter den Sternen ... eine Zeit, in der die Elben große Dinge schufen. Aber am schönsten von allen sind die Silmaril, die Edelsteine, in die das Licht der Bäume eingeschlossen ist. Das Licht, das noch älter ist als Sonne und Mond à Doch Melkor, der Meister des Verrats, raubt die einzigartigen Silmaril. Lesen Sie neben vielen anderen Ereignissen des Ersten Zeitalters, wie Feanor, der die Silmaril geschaffen hat, mit seinen Söhnen alles daransetzt, sie der dunklen Macht Melkors wieder zu entreißen. »Das Silmarillion« ist das erste Werk, das Christopher Tolkien nach dem Tod gemäß den Plänen seines Vaters herausgegeben hat. In diesen Geschichten ist der Boden bereitet, den die Hobbits und ihre Gefährten betreten werden.</marc:subfield>
   </marc:datafield>
   <marc:datafield ind1=" " ind2=" " tag="020">
      <marc:subfield code="a">9783608938296</marc:subfield>
      <marc:subfield code="9">9783608938296</marc:subfield>
   </marc:datafield>
</marc:record>
